Ageing and Development / (Record no. 60311)

MARC details
000 -LEADER
fixed length control field 01622nam a22002537a 4500
005 - DATE AND TIME OF LATEST TRANSACTION
control field 20120105095834.0
010 ## - LCCN (DPL NO)
LC control number B-447357-361
020 ## - INTERNATIONAL STANDARD BOOK NUMBER
International Standard Book Number 9788125035268
Terms of availability 425.00
035 ## - SYSTEM CONTROL NUMBER
System control number B-447357-361
037 ## - SOURCE OF ACQUISITION
Source of stock number/acquisition K.K.Pub/Ven
082 ## - DEWEY DECIMAL CLASSIFICATION NUMBER
Classification number 339.0846
245 ## - TITLE STATEMENT
Title Ageing and Development /
Statement of responsibility, etc edited by Rob Vos, Jose Antonio....(et all)
260 ## - PUBLICATION, DISTRIBUTION, ETC. (IMPRINT)
Place of publication, distribution, etc Hyderabad
Name of publisher, distributor, etc Orient Longman Pvt.Ltd.
Date of publication, distribution, etc 2008
270 ## - ADDRESS
Address 3-6-752 Himayatnagar
City Hyderabad
Postal code 500029 (A.P.)
300 ## - PHYSICAL DESCRIPTION
Extent 260p.
Other physical details ill.
Dimensions 24cm(pbk)
500 ## - GENERAL NOTE
General note 3 in 1 (3 stories in one book)
942 ## - ADDED ENTRY ELEMENTS (KOHA)
Source of classification or shelving scheme Dewey Decimal Classification
Item type English Books
Call number suffix AGE
Classification part 339.0846
Holdings
Withdrawn status Lost status Not for loan Collection code Home library Current library Date acquired Source of acquisition Cost, normal purchase price Full call number Barcode Copy number Cost, replacement price Koha item type
      Non-fiction Central Library Central Library 23/04/2012 K.K.Pub/1318/23.09.2011/03/23.09.2011/09.11.2011 425.00 339.0846 AGE B-447357 1 425.00 English Books
      Non-fiction Karol Bagh Karol Bagh 23/04/2012 K.K.Pub/1318/23.09.2011/03/23.09.2011/09.11.2011 425.00 339.0846 AGE B-447360 1 425.00 English Books
      Non-fiction Patel Nagar Patel Nagar 23/04/2012 K.K.Pub/1318/23.09.2011/03/23.09.2011/09.11.2011 425.00 339.0846 AGE B-447358 1 425.00 English Books
      Non-fiction Sarojini Nagar Sarojini Nagar 23/04/2012 K.K.Pub/1318/23.09.2011/03/23.09.2011/09.11.2011 425.00 339.0846 AGE B-447359 1 425.00 English Books
      Non-fiction Shahdara Branch Shahdara Branch 23/04/2012 K.K.Pub/1318/23.09.2011/03/23.09.2011/09.11.2011 425.00 339.0846 AGE B-447361 1 425.00 English Books

© Delhi Public Library
Hit Counter
free hit counter